| 000 | 00494nam a22001937a 4500 | ||
|---|---|---|---|
| 999 |
_c532192 _d532192 |
||
| 003 | NUST | ||
| 005 | 20191112115807.0 | ||
| 008 | 191112b ||||| |||| 00| 0 eng d | ||
| 020 | _a0495010200 | ||
| 024 | _a9780495010203 | ||
| 038 | _aMSOHAIL | ||
| 082 | _a0 | ||
| 100 |
_aJames Monroe, Reed Wicander _925539 |
||
| 245 |
_a The Changing Earth: _b Exploring Geology and Evolution |
||
| 250 | _a4th | ||
| 260 |
_aAustralia _bCengage Learning _cc2006 |
||
| 300 | _aP;736 | ||
| 942 |
_2ddc _cBK |
||